Treatise on materials science and technology (Record no. 31719)

000 -LEADER
fixed length control field 00540nam a2200205 i 4500
003 - CONTROL NUMBER IDENTIFIER
control field BD-DhUET
008 - FIXED-LENGTH DATA ELEMENTS--GENERAL INFORMATION
fixed length control field 750903s1975 nyua b 001 0 eng
020 ## - INTERNATIONAL STANDARD BOOK NUMBER
International Standard Book Number 0123418089
040 ## - CATALOGING SOURCE
Original cataloging agency DLC
Transcribing agency DLC
Modifying agency BD-DhUET
082 ## - DEWEY DECIMAL CLASSIFICATION NUMBER
Classification number 620.1
Item number HER/1975
100 ## - MAIN ENTRY--PERSONAL NAME
Personal name Herman, Herbert
245 10 - TITLE STATEMENT
Title Treatise on materials science and technology
250 ## - EDITION STATEMENT
Edition statement 1st ed.
260 ## - PUBLICATION, DISTRIBUTION, ETC. (IMPRINT)
Place of publication, distribution, etc. New York
Name of publisher, distributor, etc. Academic Press
Date of publication, distribution, etc. 1975
300 ## - PHYSICAL DESCRIPTION
Extent xiv, 253p.
Other physical details ill.
500 ## - GENERAL NOTE
General note Vol. 8
504 ## - BIBLIOGRAPHY, ETC. NOTE
Bibliography, etc Includes bibliographies
650 #0 - SUBJECT ADDED ENTRY--TOPICAL TERM
Topical term or geographic name as entry element Applied mechanics
942 ## - ADDED ENTRY ELEMENTS (KOHA)
Koha item type Edited Book
Holdings
Source of classification or shelving scheme Damaged status Copy number Koha full call number Koha normalized classification for sorting Koha item type Koha date last seen Date acquired Price effective from Piece designation (barcode) Location (home branch) Sublocation or collection (holding branch) Shelving location Withdrawn status Not for loan Lost status
  1620.1/HER/1975 620_100000000000000_HER_1975Edited Book2015-07-042015-07-042015-07-0456071Central Library, BUETCentral Library, BUETCirculation section